Caridad y abnegación (Record no. 164259)

MARC details
000 -LEADER
campo de control de longitud fija 00958nam a22001935i 4500
001 - NÚMERO DE CONTROL
campo de control 164259
003 - IDENTIFICADOR DE NÚMERO DE CONTROL
campo de control ES-MaACL
005 - FECHA Y HORA DE LA ÚLTIMA TRANSACCIÓN
campo de control 20230906212913.0
008 - DATOS DE LONGITUD FIJA--INFORMACIÓN GENERAL
campo de control de longitud fija 020306s1878 sp |||| | spa d
040 ## - FUENTE DE CATALOGACIÓN
Centro catalogador/agencia de origen CAM
Lengua de catalogación spa
Centro/agencia transcriptor CAM
100 1# - ENTRADA PRINCIPAL--NOMBRE DE PERSONA
Nombre de persona Sáenz Díez, Gustavo.
9 (RLIN) 132269
245 10 - MENCIÓN DEL TÍTULO
Título Caridad y abnegación
Resto del título : ensayo dramático en un acto y en verso /
Mención de responsabilidad, etc. original de Gustavo Saenz Diez y Angel de Larra.
260 ## - PUBLICACIÓN, DISTRIBUCIÓN, ETC.
Lugar de publicación, distribución, etc. Madrid :
Nombre del editor, distribuidor, etc. [s.n.],
Fecha de publicación, distribución, etc. 1878 (
Fabricante Imprenta de José Rodriguez)
300 ## - DESCRIPCIÓN FÍSICA
Extensión 33 p. ;
Dimensiones 20 cm.
500 ## - NOTA GENERAL
Nota general En port.: Representado en el Liceo Cervantes el 15 de enero de 1878.
596 ## - NOTA AL PIE DE IMPRENTA
NOTA AL PIE DE IMPRENTA En verso de la port. consta: "... Galería Lírico-Dramática, titulada El Teatro, de Alonso Gullon ..."
700 1# - ENTRADA AGREGADA--NOMBRE PERSONAL
Nombre de persona Larra, Angel de.
9 (RLIN) 70285
852 ## - LOCALIZACIÓN
Ubicación ES-MaACL
Número de control de estantería F-8580(7)
Nota libre -- Enc. pasta española
-- -- Dedicatoria ms. del autor a sus padres, 1878
-- -- Enc. en un vol. facticio formando parte de la col. facticia "Teatro español moderno", vol. 33
Holdings
Estatus retirado Estado de pérdida Estado de daño No para préstamo Colección Biblioteca de origen Biblioteca actual Ubicación en estantería Fecha de adquisición Total de préstamos Signatura topográfica completa Código de barras Visto por última vez Precio de reemplazo Tipo de ítem Koha
        Libros del s. XIX Biblioteca del Ateneo de Madrid Biblioteca del Ateneo de Madrid Sala Pecera Planta 2 17/01/2008   F-8580(7) 1172163 23/02/2023 23/02/2023 Libro impreso antiguo